[Event "Winter Open"]
[Site "Belgrade SCG"]
[Date "2006.01.27"]
[Round "7"]
[White "Kosovac,M"]
[Black "Skare,G"]
[Result "0-1"]
[WhiteElo "2075"]
[BlackElo "2303"]

1.d4 d5 2.c4 c6 3.Nf3 Nf6 4.Nc3 e6 5.e3 Nbd7 6.Bd3 Bd6 7.O-O O-O 8.Qc2 Qe7
9.e4 dxc4 10.Bxc4 e5 11.Re1 exd4 12.Nxd4 Bxh2+ 13.Kxh2 Qe5+ 14.Kg1 Qxd4 15.Be2 Re8
16.Be3 Qb4 17.a3 Qe7 18.f3 Nb6 19.b4 Be6 20.Bg5 a5 21.Qb2 axb4 22.axb4 h6
23.Bh4 Bc4 24.Rab1 Qe6 25.Bf2 Nfd7 26.Qd2 Bxe2 27.Nxe2 Nc4 28.Qc1 b5 29.Nd4 Qg6
30.Rd1 Nde5 31.Ra1 Kh8 32.Qc3 Red8 33.Kf1 Kh7 34.Rxa8 Rxa8 35.Nf5 Ra2 36.Qd4 Qg5
37.Ne3 Rb2 38.Nxc4 Nxc4 39.Qc3 h5 40.Re1 Rb3 41.Qc2 Qg6 42.Bd4 Rxb4 43.Ra1 Rb2  0-1

[Event "IM"]
[Site "Marianske Lazne CZE"]
[Date "2006.01.27"]
[Round "9"]
[White "Vokoun,J"]
[Black "Poulsen,I"]
[Result "1-0"]
[WhiteElo "2294"]
[BlackElo "2196"]

1.d4 d5 2.c4 e6 3.Nc3 c6 4.e3 Nf6 5.Nf3 Nbd7 6.Qc2 Bd6 7.Bd2 O-O 8.Bd3 dxc4
9.Bxc4 e5 10.O-O Qc7 11.Rfe1 exd4 12.exd4 Nb6 13.Bb3 Bg4 14.Ne5 Bh5 15.Qf5 Bg6
16.Nxg6 hxg6 17.Qxg6 Bxh2+ 18.Kh1 Bf4 19.Ne4 Nfd5 20.Qf5 Bxd2 21.Nxd2 g6
22.Qg4 Kg7 23.g3 Rad8 24.Nf3 Rh8+ 25.Kg2 Rh5 26.Ne5 Nf6 27.Qf3 Nbd5 28.Rac1 Qc8
29.Rh1 Rf5 30.Qe2 Rf4 31.Nf3 Re4 32.Qd2 Nf4+ 33.Kf1 Qg4 34.Bd1 Ne6 35.Qh6+  1-0

[Event "Winter Open"]
[Site "Belgrade SCG"]
[Date "2006.01.28"]
[Round "8"]
[White "Ocokoljic,Z"]
[Black "Andrejevic,Mila"]
[Result "1-0"]
[WhiteElo "2115"]
[BlackElo "1998"]

1.d4 Nf6 2.Nf3 d5 3.c4 c6 4.Nc3 e6 5.e3 Be7 6.Bd3 dxc4 7.Bxc4 Bb4 8.O-O Bxc3
9.bxc3 b5 10.Bd3 O-O 11.e4 h6 12.a4 Bb7 13.Ba3 Re8 14.axb5 cxb5 15.Bxb5 Ba6
16.Bxe8 Qxe8 17.Re1 Qc6 18.Qc2 Nbd7 19.Nd2 Rc8 20.Rac1 Nb6 21.Be7 Nh7 22.e5 Nd5
23.Bc5 Nf4 24.Qe4 Qxe4 25.Rxe4 Ne2+ 26.Rxe2 Bxe2 27.Bxa7 Ra8 28.Bc5 Ra2 29.Ne4 f5
30.exf6 gxf6 31.c4 Bxc4 32.h4 Bd3 33.Nd6 Nf8 34.Re1 f5 35.Re3 Be2 36.Rg3+ Kh7
37.Ne8 Ra1+ 38.Kh2 Bg4 39.Bxf8 Ra8 40.Nf6+ Kg6 41.Nxg4 fxg4 42.Rxg4+ Kf5
43.Rg8 Rd8 44.Rh8 Rxd4 45.Rxh6 Rd2 46.Be7 Re2 47.Rf6+ Kg4 48.f3+ Kh5 49.Kh3  1-0

[Event "Bundesliga 2005-6"]
[Site "Kirchheim GER"]
[Date "2006.01.28"]
[Round "8"]
[White "Dautov,R"]
[Black "Hoffmann,Mi1"]
[Result "1-0"]
[WhiteElo "2589"]
[BlackElo "2462"]

1.d4 Nf6 2.c4 e6 3.Nf3 d5 4.Nc3 c6 5.e3 Nbd7 6.Qc2 Bd6 7.b3 O-O 8.Bb2 e5
9.Be2 a6 10.cxd5 cxd5 11.dxe5 Nxe5 12.O-O Be6 13.Rac1 Rc8 14.Qd1 Qe7 15.Nd4 Ba3
16.Bxa3 Qxa3 17.Qd2 Qe7 18.Rc2 Rc7 19.Rfc1 Rfc8 20.Qd1 Nc6 21.Nxc6 Rxc6 22.Bd3 h6
23.h3 Qb4 24.Ne2 Rxc2 25.Rxc2 Rxc2 26.Bxc2 Qa3 27.Qd2 Bd7 28.Nd4 a5 29.Bd3 g6
30.Qc2 Kg7 31.Ne2 a4 32.Nd4 axb3 33.axb3 Qa1+ 34.Kh2 h5 35.b4 Ba4 36.Qc5 Bd7
37.b5 Qb2 38.Be2 Qd2 39.Qd6 Qe1 40.Qf4 Ne4 41.Qe5+ Nf6 42.Bxh5 Qxf2 43.Bf3 Qa2
44.Kg3  1-0

[Event "GM"]
[Site "Marianske Lazne CZE"]
[Date "2006.01.28"]
[Round "10"]
[White "Malaniuk,V"]
[Black "Voloshin,L"]
[Result "1/2-1/2"]
[WhiteElo "2532"]
[BlackElo "2466"]

1.d4 d5 2.c4 c6 3.Nf3 Nf6 4.e3 e6 5.Nc3 Nbd7 6.Qc2 Bd6 7.b3 O-O 8.Be2 Qe7
9.Bb2 Re8 10.O-O e5 11.cxd5 cxd5 12.dxe5 Nxe5  1/2-1/2

[Event "Bundesliga 2005-6"]
[Site "Zehlendorf GER"]
[Date "2006.01.28"]
[Round "8"]
[White "Jackelen,T"]
[Black "Lieb,H"]
[Result "1-0"]
[WhiteElo "2454"]
[BlackElo "2242"]

1.Nf3 Nf6 2.c4 c6 3.e3 d5 4.Nc3 e6 5.d4 Nbd7 6.Bd3 Bd6 7.O-O O-O 8.Qc2 a6
9.b3 b5 10.e4 bxc4 11.bxc4 dxc4 12.Bxc4 e5 13.h3 Qa5 14.Bd2 exd4 15.Nxd4 Qc5
16.Nf5 Be5 17.Na4 Qa7 18.Ne7+ Kh8 19.Nxc6 Qc7 20.Nxe5 Nxe5 21.Bb3 Qxc2 22.Bxc2 Be6
23.Bb4 Rfe8 24.Nc5 Bc4 25.Rfd1 Rac8 26.Ba4 Nc6 27.Bc3 Bb5 28.Bb3 Ne5 29.Bd4 Kg8
30.f3 a5 31.Rac1 Bc6 32.Rc2 Nfd7 33.Nxd7 Nxd7 34.Rdc1 Bb7 35.Rc7 Rxc7 36.Rxc7 Bc8
37.Ra7 Rd8 38.Kf2 Kf8 39.Ke3 h6 40.Rxa5 Nb8 41.Bd5 Be6 42.Bxe6 fxe6 43.Ra8  1-0

[Event "Gibtelecom Masters"]
[Site "Gibraltar ENG"]
[Date "2006.01.29"]
[Round "6"]
[White "Lagowski,P"]
[Black "El Amari,K"]
[Result "1/2-1/2"]
[WhiteElo "2393"]
[BlackElo "2137"]

1.d4 d5 2.c4 c6 3.Nf3 Nf6 4.e3 e6 5.Nc3 Nbd7 6.Bd3 Bd6 7.O-O O-O 8.e4 dxe4
9.Nxe4 Nxe4 10.Bxe4 h6 11.Bc2 Nf6 12.b3 c5 13.Bb2 b6 14.Qd3 cxd4 15.Nxd4 Bb7
16.Rfe1 Re8 17.Rad1 Bb4 18.Re5 Bd6 19.Re2 Be7 20.Qh3 Qc8 21.a3 a6 22.Rde1 a5
23.Nf5 exf5 24.Rxe7 Rxe7 25.Rxe7 Be4 26.Bxf6 Bxc2 27.Bb2 Qd8 28.Re1 Qd3 29.Qxd3 Bxd3
30.Bd4 a4 31.b4 Bxc4 32.Bxb6 Rb8 33.Bc5 Rd8 34.Be3 Rd3 35.Bc1 Bb3 36.f3 Rd1
37.Rxd1 Bxd1 38.b5 Bb3 39.b6 Bd5 40.Kf2 Kf8 41.Ke3 Ke7 42.Kd4 Kd6 43.Bf4+ Ke6
44.Kc5 h5 45.Kb5 Kd7 46.Kxa4 Kc6 47.Ka5 Bc4 48.h4 Bf1 49.g3 Be2 50.Be3 Kb7
51.f4 g6 52.Kb4 Kc6 53.Bc5 Ba6 54.Be3  1/2-1/2

[Event "Bundesliga 2005-6"]
[Site "Kreuzberg GER"]
[Date "2006.01.29"]
[Round "9"]
[White "Kalinitschew,S"]
[Black "Kindermann,S"]
[Result "1/2-1/2"]
[WhiteElo "2503"]
[BlackElo "2535"]

1.d4 d5 2.c4 c6 3.Nc3 Nf6 4.Nf3 e6 5.e3 a6 6.b3 Bb4 7.Bd2 O-O 8.Bd3 Nbd7
9.O-O Bd6 10.h3 h6 11.Rc1 Re8 12.Qc2 e5 13.cxd5 cxd5 14.dxe5 Nxe5  1/2-1/2

[Event "Open"]
[Site "Moscow RUS"]
[Date "2006.01.29"]
[Round "1"]
[White "Melikhov,E"]
[Black "Iskusnyh,S"]
[Result "0-1"]
[WhiteElo "2292"]
[BlackElo "2510"]

1.d4 d5 2.c4 c6 3.Nc3 Nf6 4.e3 e6 5.Nf3 a6 6.c5 Nbd7 7.Be2 g6 8.O-O Bg7 9.b4 O-O
10.a4 Qe7 11.Ba3 e5 12.Re1 Ne4 13.Qb3 Nxc3 14.Qxc3 e4 15.Nd2 f5 16.f4 exf3
17.gxf3 Nf6 18.Bf1 Bd7 19.Re2 Rae8 20.Rae1 Kh8 21.b5 axb5 22.axb5 g5 23.Bb4 Nh5
24.bxc6 bxc6 25.Ba5 Bc8 26.Bg2 Ba6 27.Rf2 Nf4 28.Bf1 Bxf1 29.Rfxf1 Nh3+ 30.Kg2 g4
31.f4 Rf6 32.Qc2 Re6 33.Qxf5 Rxe3 34.Rxe3 Qxe3 35.Qxg4 Bxd4 36.Rf3 Qe2+ 37.Kxh3 Rg8
38.Qf5 Qg2+ 39.Kh4 Qxh2+ 40.Rh3 Qf2+ 41.Kh5 Qe2+ 42.Rf3 Qe8+ 43.Kh4 Qe7+
44.Kh3 Qg7 45.Qg5 Qd7+ 46.Kh2 Rxg5 47.fxg5 Qg4 48.Bc7 Qh4+  0-1

[Event "Bundesliga 2005-6"]
[Site "Muelheim Nord GER"]
[Date "2006.01.29"]
[Round "9"]
[White "Ftacnik,L"]
[Black "Erenburg,S"]
[Result "0-1"]
[WhiteElo "2606"]
[BlackElo "2573"]

1.d4 d5 2.c4 c6 3.Nf3 Nf6 4.Nc3 e6 5.e3 a6 6.b3 Bb4 7.Bd2 Nbd7 8.Bd3 O-O
9.O-O Bd6 10.Qc2 h6 11.Ne2 Qe7 12.Ng3 b6 13.e4 dxe4 14.Nxe4 Nxe4 15.Bxe4 Bb7
16.Rfe1 Rfd8 17.Rad1 Nf6 18.Bc3 Bb4 19.Bxb4 Qxb4 20.Ne5 Rxd4 21.Bxc6 Rxd1
22.Qxd1 Bxc6 23.Nxc6 Qc5 24.Ne5 Qc7 25.b4 Rd8 26.Qc2 Nd7 27.Nf3 Rc8 28.Qd2 Nb8
29.Re4 b5 30.cxb5 axb5 31.h3 Nd7 32.Qd3 Nf6 33.Re1 Qb8 34.Nd4 Qd6 35.Qe3 Qxb4
36.a3 Qb2 37.Rd1 Rd8 38.Rd2 Qc1+ 39.Kh2 Nd5 40.Ne2 Qe1 41.Qd4 Rd7 42.Ng3 Nb6
43.Re2 Rxd4 44.Rxe1 Nc4 45.Ra1 Rd8 46.Ne4 Ra8 47.Rb1 Nxa3 48.Rb3 Kf8 49.Nc3 Ra5
50.Kg1 Ke7 51.Kf1 Kd7 52.Ke2 Kc6 53.Kd3 Nc4 54.Nxb5 Rxb5 55.Rc3 Kd5 56.Rxc4 Rb3+
57.Rc3 Rxc3+ 58.Kxc3 f5 59.Kd3 e5 60.Ke3 g5 61.g3 h5 62.h4 g4 63.Kd3 f4 64.Kd2 fxg3
65.fxg3  0-1

[Event "Bundesliga 2005-6"]
[Site "Muelheim Nord GER"]
[Date "2006.01.29"]
[Round "9"]
[White "Nyback,T"]
[Black "Fridman,D2"]
[Result "1-0"]
[WhiteElo "2562"]
[BlackElo "2559"]

1.Nf3 d5 2.d4 e6 3.c4 c6 4.e3 Nf6 5.Nc3 a6 6.b3 Bb4 7.Bd2 Nbd7 8.Bd3 O-O
9.O-O Bd6 10.Qc2 h6 11.Rad1 e5 12.cxd5 cxd5 13.dxe5 Nxe5 14.Nxe5 Bxe5 15.Ne2 Bg4
16.h3 Rc8 17.Qb1 Bd7 18.Bc1 Qe7 19.Bb2 Rfe8 20.Qa1 Bxb2 21.Qxb2 Qe5 22.Qxe5 Rxe5
23.Rc1 Ree8 24.Rxc8 Rxc8 25.f3 Kf8 26.Kf2 Ke7 27.g4 Kd6 28.h4 g6 29.Ke1 Ne8
30.Kd2 Ng7 31.Rh1 h5 32.g5 Bf5 33.e4 Be6 34.Ke3 Ke7 35.Nf4 dxe4 36.fxe4 b5
37.Rf1 Ne8 38.Kd4 Rc7 39.Nd5+ Bxd5 40.exd5 Kd6 41.a4 Rc5 42.axb5 Rxd5+ 43.Ke3 Re5+
44.Kd2 axb5 45.Rxf7 Nc7 46.Bxg6 Ne6 47.Rf6 Ke7 48.Rf3 Rd5+ 49.Rd3 Re5 50.Re3 Rd5+
51.Kc3 Kd6 52.Bf7 Rc5+ 53.Kb4 Nf4 54.g6 Nd5+ 55.Bxd5 Rxd5 56.Rg3  1-0

[Event "Corus C"]
[Site "Wijk aan Zee NED"]
[Date "2006.01.29"]
[Round "13"]
[White "Bischoff,K"]
[Black "Atalik,S"]
[Result "1/2-1/2"]
[WhiteElo "2560"]
[BlackElo "2618"]

1.c4 c6 2.d4 d5 3.e3 Nf6 4.Nc3 e6 5.Nf3 Nbd7 6.Qc2 Bd6 7.b3 O-O 8.Be2 b6
9.O-O Bb7 10.Bb2 Qe7 11.Rad1 Rad8 12.cxd5 exd5 13.g3 g6 14.Rfe1 Rfe8 15.Bf1 Ne4
16.Nxe4 Qxe4 17.Qxe4 dxe4 18.Nd2  1/2-1/2

[Event "Bundesliga 2005-6"]
[Site "Zehlendorf GER"]
[Date "2006.01.29"]
[Round "9"]
[White "Vaganian,R"]
[Black "Maksimenko,A"]
[Result "1/2-1/2"]
[WhiteElo "2597"]
[BlackElo "2500"]

1.d4 d5 2.c4 e6 3.Nf3 Nf6 4.Nc3 c6 5.e3 Nbd7 6.Bd3 dxc4 7.Bxc4 b5 8.Bd3 Bb7
9.e4 b4 10.Na4 c5 11.e5 Nd5 12.Nxc5 Nxc5 13.dxc5 Bxc5 14.O-O h6 15.Nd2 O-O
16.Ne4 Bd4 17.Nd6 Bc6 18.Bh7+ Kxh7 19.Qxd4 f6 20.Bd2 fxe5 21.Qe4+ Kg8 22.Qxe5 Qd7
23.b3 Rad8 24.Nc4 Rf5 25.Qe1 Bb5 26.f4 Nb6 27.Bxb4  1/2-1/2

[Event "Gibtelecom Masters"]
[Site "Gibraltar ENG"]
[Date "2006.01.30"]
[Round "7"]
[White "Gilbert,Je"]
[Black "Van den Bersselaar,J"]
[Result "0-1"]
[WhiteElo "2098"]
[BlackElo "2222"]

1.d4 d5 2.c4 e6 3.Nc3 c6 4.e3 Nf6 5.Nf3 Nbd7 6.cxd5 exd5 7.Bd3 Be7 8.Qc2 O-O
9.O-O Re8 10.Rb1 a6 11.Ne2 Bd6 12.Ng3 g6 13.Re1 c5 14.b3 b5 15.Ba3 Bxg3 16.hxg3 c4
17.Be2 Qa5 18.Bd6 Ne4 19.b4 Qd8 20.Bc5 Qf6 21.Rbc1 Ndxc5 22.bxc5 g5 23.Rf1 Bf5
24.Qd1 b4 25.Ne5 a5 26.Bf3 Rxe5 27.dxe5 Qxe5 28.Bxe4 Bxe4 29.Qg4 a4 30.c6 h6
31.Qd7 Bf5 32.Qb7 Qb8 33.f3 Qxb7 34.cxb7 Rb8 35.e4 Be6 36.exd5 Bxd5 37.Kf2 a3
38.Ra1 Rxb7 39.Rfb1 Kf8 40.Ke3 Ke7 41.Kd4 Kd6 42.Rh1 Be6 43.g4 Ra7 44.Rxh6 b3
45.Kc3 b2 46.Rb1 Rb7 47.g3 Ke7 48.Rhh1 Rd7 49.Rhd1 Rd3+ 50.Rxd3 cxd3 51.Kxd3 Bxa2
52.Re1+ Kd6 53.Kc2 b1=Q+ 54.Rxb1 Bxb1+ 55.Kxb1 Kd5 56.Ka2 Kd4 57.f4 f6  0-1

[Event "Gibtelecom Masters"]
[Site "Gibraltar ENG"]
[Date "2006.01.31"]
[Round "8"]
[White "Schramm,B"]
[Black "Baena,A"]
[Result "1/2-1/2"]
[WhiteElo "2126"]
[BlackElo "2019"]

1.Nf3 d5 2.d4 Nf6 3.c4 e6 4.Nc3 c6 5.e3 Nbd7 6.cxd5 exd5 7.Bd3 Bd6 8.O-O O-O
9.Qc2 Re8 10.a3 Qe7 11.Re1 Ne4 12.b4 a6 13.Bb2 f5 14.Rac1 g5 15.Na4 g4 16.Bxe4 fxe4
17.Nd2 Rf8 18.Nf1 h5 19.Nc5 b6 20.Nb3 Bb7 21.Bc3 h4 22.Qd2 Qg5 23.a4 Rf7
24.a5 g3 25.fxg3 hxg3 26.Nxg3 Bxg3 27.hxg3 Qxg3 28.Rf1 Rh7 29.Rf4 Kg7 30.Qf2 Qh2+
31.Kf1 Rf8 32.Rxf8 Nxf8 33.Ke2 Kg8 34.Rf1 Qh5+ 35.Kd2 Nd7 36.axb6 Qe8 37.Nc5 Nxb6
38.Nxb7 Rxb7 39.Rh1 Nc4+ 40.Ke2 Rg7 41.Qh4 Qg6 42.Qd8+ Kf7 43.Qd7+ Kg8 44.Qc8+ Kf7
45.Rf1+ Ke7 46.Qc7+ Ke8  1/2-1/2

[Event "11th HIT Open A"]
[Site "Nova Gorica SLO"]
[Date "2006.01.31"]
[Round "8"]
[White "Lenic,L"]
[Black "Saric,A"]
[Result "1/2-1/2"]
[WhiteElo "2458"]
[BlackElo "2455"]

1.d4 d5 2.c4 c6 3.Nf3 Nf6 4.e3 e6 5.Nc3 Nbd7 6.Qc2 Bd6 7.b3 O-O 8.Be2 b6
9.O-O Bb7 10.Bb2 Qe7 11.Rac1 Rfe8 12.Rfd1 Rac8 13.Qb1 c5 14.cxd5 exd5 15.dxc5 bxc5
16.Qf5 Bb8 17.Bb5 Qe6 18.Bd3 g6 19.Qxe6 fxe6 20.Na4 e5 21.Bb5 a6 22.Bxd7 Nxd7
23.e4 d4 24.Nd2 c4 25.Rxc4 Rxc4 26.Nxc4 Bxe4 27.Re1 Bd5 28.Bxd4 Bxc4 29.bxc4 Rc8
30.Nb6 Nxb6 31.Bxb6 Rxc4 32.g3 Bd6 33.Rd1 Bc5 34.Rd8+ Kf7 35.Bxc5  1/2-1/2

[Event "Open"]
[Site "Moscow RUS"]
[Date "2006.02.03"]
[Round "6"]
[White "Tonoian,A"]
[Black "Grachev,B"]
[Result "0-1"]
[WhiteElo "2388"]
[BlackElo "2510"]

1.d4 d5 2.c4 e6 3.Nc3 c6 4.e3 Nf6 5.Nf3 Nbd7 6.Bd3 dxc4 7.Bxc4 b5 8.Bd3 Bd6
9.O-O O-O 10.Ne2 a6 11.a4 Rb8 12.e4 e5 13.Bg5 c5 14.axb5 axb5 15.Ng3 cxd4
16.Nf5 Nc5 17.N3h4 Ne6 18.Bd2 g6 19.Nxd6 Qxd6 20.Qb3 b4 21.Ra5 Qd8 22.Rfa1 Bb7
23.Nf3 Bxe4 24.Nxe5 Bxd3 25.Nxd3 Ne4 26.Bxb4 Qh4 27.Qa3 Rfe8 28.f3 Nf6 29.Be7 Nf4
30.Nxf4 Qxf4 31.Re1 Nd7 32.Ra7 Ne5  0-1

[Event "Open"]
[Site "Moscow RUS"]
[Date "2006.02.03"]
[Round "6"]
[White "Iskusnyh,S"]
[Black "Aleshin,O"]
[Result "1/2-1/2"]
[WhiteElo "2510"]
[BlackElo "2412"]

1.d4 d5 2.c4 c6 3.Nc3 Nf6 4.e3 e6 5.Nf3 Nbd7 6.Qc2 b6 7.Bd3 Bb7 8.O-O Be7
9.b3 O-O 10.Bb2 Rc8 11.Rad1 Qc7 12.e4 dxe4 13.Nxe4 Nxe4 14.Bxe4 Nf6 15.Bd3 Rfd8
16.Ne5 c5 17.dxc5 Bxc5 18.Qe2 Ba8 19.Kh1 Qb7 20.f3 Qe7 21.f4 Rd6 22.Ng4 Nxg4
23.Qxg4 g6 24.Be5 Rd7 25.Bc2 Rxd1  1/2-1/2

[Event "ch-GER"]
[Site "Osterburg GER"]
[Date "2006.02.03"]
[Round "1"]
[White "Henrichs,T"]
[Black "Namyslo,H"]
[Result "1-0"]
[WhiteElo "2434"]
[BlackElo "2279"]

1.d4 e6 2.c4 d5 3.Nf3 Nf6 4.Nc3 c6 5.e3 Nbd7 6.Qc2 Bd6 7.Bd3 O-O 8.O-O Qe7
9.c5 Bb8 10.e4 dxe4 11.Nxe4 Nxe4 12.Bxe4 f5 13.Bd3 Nf6 14.Re1 Nd5 15.Bc4 Qf6
16.Bg5 Qg6 17.Re2 h6 18.Bd2 b6 19.b4 Kh7 20.Rae1 Bc7 21.Qc1 bxc5 22.bxc5 Rb8
23.Bxd5 exd5 24.Bf4 Rf7 25.h3 Qf6 26.Re8 g5 27.Bxg5 hxg5 28.Qxg5 Ba5 29.Qh5+ Kg7
30.Qh8+ Kg6 31.Ne5+ Qxe5 32.R1xe5 Rg7 33.Rxc8  1-0

[Event "2nd Bundesliga Mitte 2005-6"]
[Site "Austria AUT"]
[Date "2006.02.04"]
[Round "6"]
[White "Stadler,P"]
[Black "Winiwarter,F"]
[Result "0-1"]
[WhiteElo "2165"]
[BlackElo "2175"]

1.d4 d5 2.Nf3 Nf6 3.c4 c6 4.Nc3 e6 5.e3 Nbd7 6.Bd3 dxc4 7.Bxc4 b5 8.Bd3 a6
9.e4 c5 10.d5 c4 11.dxe6 fxe6 12.Bc2 Qc7 13.O-O Bd6 14.Re1 O-O 15.Qe2 Ne5
16.Nxe5 Bxe5 17.g3 Bb7 18.Bd2 Rad8 19.Rad1 Bd4 20.Rf1 e5 21.Kg2 Qf7 22.f3 Qh5
23.g4 Qg6 24.Kh1 h5 25.h3 hxg4 26.hxg4 Kf7 27.Kg2 Bc8 28.Bc1 Rh8 29.Rh1 Nxg4
30.fxg4 Bxg4 31.Qf1+ Bf5+  0-1

[Event "FSGM February"]
[Site "Budapest HUN"]
[Date "2006.02.04"]
[Round "1"]
[White "Radziewicz,I"]
[Black "Muir,A"]
[Result "1-0"]
[WhiteElo "2421"]
[BlackElo "2325"]

1.d4 d5 2.c4 e6 3.Nc3 c6 4.e3 Nf6 5.Nf3 Nbd7 6.Bd3 dxc4 7.Bxc4 b5 8.Bd3 Bb7
9.e4 b4 10.Na4 c5 11.e5 Nd5 12.O-O cxd4 13.Re1 g6 14.Bg5 Qa5 15.Nd2 Ba6 16.Nc4 Bxc4
17.Bxc4 Bg7 18.Qxd4 Qxa4 19.Bxd5 exd5 20.Qxd5 Nb6 21.Qd6 Qd7 22.Qxb4 Bf8
23.Qh4 Bg7 24.Rad1 Qa4 25.Rd4 Qxa2 26.Be7 Qe6 27.Bb4 a5 28.Red1 f6 29.Bc5 Rb8
30.Rd6 Qxe5 31.Rxb6 Rxb6 32.Qa4+ Kf7 33.Qd7+ Kg8 34.Qc8+ Kf7 35.Rd7+ Ke6
36.Rd8+  1-0

[Event "TCh-FRA Top 16 Gp A"]
[Site "Clichy FRA"]
[Date "2006.02.04"]
[Round "2"]
[White "Marcelin,C"]
[Black "Boudre,JP"]
[Result "1-0"]
[WhiteElo "2441"]
[BlackElo "2334"]

1.d4 d5 2.c4 c6 3.Nc3 Nf6 4.e3 e6 5.Nf3 Nbd7 6.Qc2 h6 7.b3 b6 8.Bb2 Bb7 9.Be2 Bd6
10.O-O O-O 11.Rfd1 Qe7 12.Rac1 Rfd8 13.h3 Rac8 14.Qb1 Bb8 15.Rd2 Bd6 16.Bf1 c5
17.cxd5 cxd4 18.Nxd4 exd5 19.Nf5 Qe6 20.Nxd6 Qxd6 21.Nb5 Qb8 22.Rxc8 Rxc8
23.Rc2 Ne4 24.Qc1 Rxc2 25.Qxc2 Ba6 26.Qc6 Bxb5 27.Bxb5 Nef6 28.Bd4 a5 29.g3 Qd8
30.Qd6 Qc8 31.Bc6 Nc5 32.Bxf6 gxf6 33.Qxf6 Ne4 34.Qxh6 Qf5 35.Qf4  1-0

[Event "TCh-NED 2005-6"]
[Site "Netherlands NED"]
[Date "2006.02.04"]
[Round "6"]
[White "Brenninkmeijer,J"]
[Black "Middelburg,T"]
[Result "1/2-1/2"]
[WhiteElo "2511"]
[BlackElo "2413"]

1.d4 d5 2.c4 c6 3.Nc3 Nf6 4.e3 e6 5.Nf3 Nbd7 6.Qc2 Bd6 7.Be2 O-O 8.O-O Qe7
9.Rd1 dxc4 10.Bxc4 b5 11.Be2 Bb7 12.a3 a6 13.e4 e5 14.dxe5 Nxe5 15.Nd4 Bc5
16.Nf5 Qc7 17.h3 Bc8 18.Be3 Bxe3 19.Nxe3 Be6 20.Ncd5 Bxd5 21.exd5 c5 22.d6 Qb6
23.Qf5 Nc6 24.Qg5 h6 25.Qf4 Rae8 26.Bf3 Nd4 27.b4 Re4 28.Qg3 cxb4 29.axb4 Re6
30.Kh1 Qxd6 31.Qxd6 Rxd6 32.Nd5 Nc2 33.Ne7+ Kh8 34.Rxd6 Nxa1 35.Rxa6 Nc2
36.Nc6 Ne1 37.Rb6 Nxf3 38.gxf3 Rc8 39.Ne5 Rc2 40.Kg2 Nd5 41.Rxb5 Nf4+ 42.Kg3 Ne2+
43.Kh2 f6 44.Rc5 Rb2 45.Nd3 Rb3 46.Rd5 g5 47.Rd7 Kg8 48.Rd6 Kf7 49.Rd5 Kg6
50.Rd7 h5 51.Rd6 Kg7 52.Rd8 Kf7 53.Rd5 Kg6 54.Rd7 Kh6 55.Rd5 Kg6 56.Rd6 Kf7
57.h4 gxh4 58.f4 Kg6 59.Rd5 Kh6 60.b5 Nc3 61.Rd6 Nxb5 62.Rxf6+  1/2-1/2

[Event "ch-CZE"]
[Site "Brno CZE"]
[Date "2006.02.07"]
[Round "1"]
[White "Laznicka,V"]
[Black "Simacek,P"]
[Result "1/2-1/2"]
[WhiteElo "2525"]
[BlackElo "2480"]

1.d4 Nf6 2.c4 e6 3.Nc3 d5 4.Nf3 c6 5.e3 Nbd7 6.b3 Bd6 7.Bd3 O-O 8.O-O Re8
9.Qc2 dxc4 10.bxc4 e5 11.Ng5 Nf8 12.d5 Bb4 13.dxc6 bxc6 14.Rd1 Qe7 15.Bb2 Bg4
16.Be2 Bxe2 17.Qxe2 e4 18.a3 Ba5 19.Rd4 Bb6 20.c5 Qxc5 21.Ngxe4 Nxe4 22.Rxe4 Rxe4
23.Nxe4 Qb5 24.Qc2 Rd8 25.g3 Ne6 26.h4 Qd3 27.Rc1 c5 28.Qxd3 Rxd3 29.g4 Kf8
30.Kf1 Rd5 31.Ke2 Ke7 32.f4 f6 33.f5 Nd8 34.Rf1 Bc7 35.Rd1 Rxd1 36.Kxd1 Nb7
37.g5 fxg5 38.hxg5 Kf7 39.Ke2 Nd6 40.g6+ hxg6 41.Ng5+ Kg8 42.Ne6 Nc4 43.Nxc7  1/2-1/2

[Event "Aeroflot Open"]
[Site "Moscow RUS"]
[Date "2006.02.08"]
[Round "1"]
[White "Huzman,A"]
[Black "Najer,E"]
[Result "1/2-1/2"]
[WhiteElo "2573"]
[BlackElo "2652"]

1.d4 d5 2.c4 c6 3.Nf3 Nf6 4.Nc3 e6 5.e3 a6 6.b3 Bb4 7.Bd2 Nbd7 8.Bd3 O-O
9.O-O Bd6 10.Qc2 h6 11.h3 e5 12.cxd5 cxd5 13.dxe5 Nxe5 14.Nxe5 Bxe5 15.Rac1 d4
16.exd4 Qxd4 17.Ne2 Qb2 18.Qxb2  1/2-1/2

[Event "Aeroflot Open"]
[Site "Moscow RUS"]
[Date "2006.02.09"]
[Round "2"]
[White "Kempinski,R"]
[Black "Huzman,A"]
[Result "1/2-1/2"]
[WhiteElo "2619"]
[BlackElo "2573"]

1.d4 d5 2.c4 c6 3.Nc3 Nf6 4.e3 e6 5.Nf3 Nbd7 6.Qc2 Bd6 7.g4 h6 8.h3 dxc4
9.Bxc4 b5 10.Be2 Bb7 11.e4 b4 12.Na4 Be7 13.Be3 c5 14.Nxc5 Bxc5 15.dxc5 Bxe4
16.Qc4 O-O 17.O-O Bxf3  1/2-1/2

[Event "SFch-NED"]
[Site "Hilversum NED"]
[Date "2006.02.11"]
[Round "1.1"]
[White "Hoeksema,E"]
[Black "Kroeze,F"]
[Result "1-0"]
[WhiteElo "2397"]
[BlackElo "2419"]

1.d4 d5 2.c4 c6 3.Nc3 e6 4.e3 Nf6 5.Nf3 Nbd7 6.Bd3 Bd6 7.O-O O-O 8.e4 dxc4
9.Bxc4 e5 10.Be3 Qe7 11.Bb3 exd4 12.Bxd4 Ng4 13.h3 Nge5 14.Nxe5 Bxe5 15.Bxe5 Qxe5
16.f4 Qe7 17.e5 Nc5 18.Bc2 f5 19.exf6 Rxf6 20.f5 Bd7 21.Qd4 a5 22.Rae1 Qd6
23.Qc4+ Kh8 24.Rd1 Qf8 25.g4 h6 26.a3 b5 27.Qd4 b4 28.Ne2 bxa3 29.bxa3 Be8
30.Nf4 Nb7 31.Qc3 Qe7 32.Rfe1 Qf8 33.Ne6 Qf7 34.Bb3 a4 35.Ba2 Na5 36.Qe3 Nb3
37.Nd8 Qc7 38.Qxe8+ Kh7 39.Kg2 c5 40.Re7  1-0

[Event "Aeroflot Open"]
[Site "Moscow RUS"]
[Date "2006.02.11"]
[Round "4"]
[White "Svetushkin,D"]
[Black "Galkin,A"]
[Result "0-1"]
[WhiteElo "2557"]
[BlackElo "2616"]

1.d4 d5 2.c4 e6 3.Nc3 c6 4.e3 Nf6 5.Nf3 Nbd7 6.Qc2 Bd6 7.e4 dxe4 8.Nxe4 Nxe4
9.Qxe4 Bb4+ 10.Bd2 Bxd2+ 11.Nxd2 c5 12.dxc5 Qa5 13.a3 Qxc5 14.b4 Qc7 15.Bd3 Nf6
16.Qe2 O-O 17.O-O Rd8 18.c5 Bd7 19.Nf3 Ba4 20.Rac1 a6 21.Rfe1 h6 22.h3 Rd5
23.Bc4 Rd7 24.Ne5 Rd4 25.Nf3 Rd7 26.Ne5 Rd4 27.Qf3 Be8 28.a4 Bxa4 29.Qa3 Bc6
30.b5 Be4 31.Ng4 Nxg4 32.hxg4 a5 33.Bf1 Bd5 34.c6 bxc6 35.bxc6 Rxg4 36.Rc5 Rb4
37.Rec1 Rbb8 38.Bb5 a4 39.Qg3 Rc8 40.Qd3 a3 41.Ba6 a2 42.Qf1 Rd8 43.Bb7 Ra7
44.Qe1 Bb3  0-1

[Event "SFch-NED"]
[Site "Hilversum NED"]
[Date "2006.02.12"]
[Round "1.4"]
[White "Hoeksema,E"]
[Black "Kroeze,F"]
[Result "1-0"]
[WhiteElo "2397"]
[BlackElo "2419"]

1.d4 d5 2.c4 c6 3.e3 Nf6 4.Nc3 e6 5.Nf3 Nbd7 6.Bd3 Bd6 7.O-O O-O 8.e4 dxc4
9.Bxc4 e5 10.Be3 b5 11.Bb3 b4 12.Na4 Qe7 13.Re1 Bb7 14.dxe5 Nxe5 15.Nxe5 Bxe5
16.f4 Rad8 17.Qc2 Bd4 18.e5 Bxe3+ 19.Rxe3 Nd5 20.Re4 c5 21.Qxc5 Qh4 22.Qf2 Qg4
23.Rd4 Ne3 24.Rxd8 Rxd8 25.h3 Qg6 26.f5 Qg5 27.e6 Nxg2 28.exf7+ Kh8 29.Kh2 Nh4
30.Rg1 Qf6 31.Rg3 Qe5 32.Kg1 Qe4 33.Qe3 Qc6 34.Qg5 Qh1+ 35.Kf2 Rd2+ 36.Qxd2 Qh2+
37.Ke1 Qxg3+ 38.Kd1 Bf3+ 39.Kc1 Qc7+ 40.Kb1 Be4+ 41.Ka1 Qe7 42.Qg5 Qd6 43.Qxh4  1-0

[Event "TCh-HUN 2005-6"]
[Site "Hungary HUN"]
[Date "2006.02.12"]
[Round "7"]
[White "Kiss,Pa"]
[Black "Erdos,V"]
[Result "1/2-1/2"]
[WhiteElo "2400"]
[BlackElo "2503"]

1.d4 d5 2.c4 c6 3.e3 Nf6 4.Nc3 e6 5.Nf3 Nbd7 6.Qc2 Bd6 7.Bd3 O-O 8.O-O dxc4
9.Bxc4 b5 10.Be2 Bb7 11.Rd1 Qb8 12.e4 e5 13.dxe5 Nxe5 14.Nd4 Ng6  1/2-1/2

[Event "TCh-HUN 2005-6"]
[Site "Hungary HUN"]
[Date "2006.02.12"]
[Round "7"]
[White "Agh,M"]
[Black "Nemeth,V"]
[Result "1/2-1/2"]
[WhiteElo "2176"]
[BlackElo "1910"]

1.d4 d5 2.Nf3 Nf6 3.e3 e6 4.c4 c6 5.Nc3 Be7 6.Bd3 Nbd7 7.O-O O-O 8.b3 Qc7
9.Bb2 b6 10.Qe2 Bb7 11.Rac1 Rac8 12.Rfd1  1/2-1/2

[Event "Aeroflot Open"]
[Site "Moscow RUS"]
[Date "2006.02.13"]
[Round "6"]
[White "Volkov,S1"]
[Black "Sedlak,N"]
[Result "1/2-1/2"]
[WhiteElo "2629"]
[BlackElo "2518"]

1.d4 d5 2.c4 c6 3.Nc3 Nf6 4.e3 e6 5.Nf3 Nbd7 6.Qc2 Bd6 7.Be2 O-O 8.O-O dxc4
9.Bxc4 b5 10.Be2 Bb7 11.Rd1 Qb8 12.e4 e5 13.dxe5 Nxe5 14.g3 Re8 15.Bg5 Neg4
16.h3 Bxg3 17.hxg4 Nxg4 18.e5 Nxf2 19.Rf1 Rxe5 20.Rxf2 Bxf2+ 21.Kxf2 Rxg5
22.Nxg5 Qh2+ 23.Ke3 Re8+ 24.Nce4 Qg3+ 25.Nf3 c5 26.Rg1 Qh3 27.Kf2 Rxe4 28.Rg3 Qe6
29.Qd2 Qb6 30.Kf1 c4 31.Bd1 g6 32.Rg5 a6 33.Rg2 Re3 34.Rf2 Qe6 35.Ng5 Qe7
36.Nxf7 Rh3 37.Qd8+ Qxd8 38.Nxd8 Rh1+ 39.Ke2 Bd5 40.Kd2 Rh3 41.Bg4 Rd3+ 42.Ke1 h5
43.Bc8 h4 44.Bxa6 Bf3 45.Rh2 Rxd8 46.Rxh4 g5 47.Rh6 g4 48.Rh5 Rd1+ 49.Kf2 Rd2+
50.Kg3 Rxb2 51.Bxb5 c3 52.Rc5 c2 53.Bd3 Bd1 54.Bxc2  1/2-1/2

[Event "US Amateur Team East"]
[Site "Parsippany USA"]
[Date "2006.02.18"]
[Round "2"]
[White "Terrie,H"]
[Black "Cohen,H"]
[Result "0-1"]
[WhiteElo "2101"]
[BlackElo "2186"]

1.c4 e6 2.Nf3 d5 3.d4 Nf6 4.Nc3 c6 5.e3 Nbd7 6.Qc2 Bd6 7.Be2 O-O 8.O-O dxc4
9.Bxc4 b5 10.Be2 Bb7 11.Ne4 Nxe4 12.Qxe4 a6 13.Bd2 Re8 14.Bd3 g6 15.Ne5 Bxe5
16.dxe5 Nc5 17.Qg4 Qxd3 18.Bc3 Qe4 19.Qg3 Na4 20.Bd4 c5 21.f3 Qd5 22.Rad1 cxd4
23.Rxd4 Qc6 24.Qg5 Qc5 25.Rh4 Qf8 26.Rh6 Rac8 27.Qh4 Qg7 28.Rd1 Nb6 29.b3 Bc6
30.e4 Nd7 31.f4 Rc7 32.f5 exf5 33.exf5 Qxe5 34.Rf1 Qe4  0-1

[Event "EU-chT Seniors"]
[Site "Dresden GER"]
[Date "2006.02.19"]
[Round "3"]
[White "Perk,E"]
[Black "Nordstrom,F"]
[Result "1/2-1/2"]
[WhiteElo "2057"]
[BlackElo "2198"]

1.d4 d5 2.c4 c6 3.e3 Nf6 4.Nc3 e6 5.Nf3 Nbd7 6.Bd3 Bd6 7.O-O O-O 8.e4 dxe4
9.Nxe4 Nxe4 10.Bxe4 h6 11.Bc2 e5 12.Be3 Re8 13.dxe5 Nxe5 14.Nxe5 Bxe5 15.Qxd8 Rxd8
16.Rad1 Be6 17.b3 Bf6 18.Rxd8+ Rxd8 19.Rd1  1/2-1/2